8 mots dans mots : hum (mort subite) - Statistiques

Statistiques générales
  • Ce quiz a été pris 26 fois
  • Le résultat moyen est 6 sur 8
Answers on the Grid
Answers color-coded by a green-red scale on the quiz's grid according to % correct below.
Sous - ---anité
C---bre-magasin
C---penoise
Anti---aniste
Trans---er
C---pionnat
C---anisme
Dés---aniser
---iliation
R---atologiste
---bourgeoise
Vice-c---pion
Sur---ainement
C---boulement
Villes-c---pignons
Dés---idifier
 
Statistiques - réponses
Réponse % Correct
Sous - ---anité
90%
Trans---er
80%
---iliation
75%
R---atologiste
75%
Sur---ainement
75%
Anti---aniste
70%
Dés---aniser
70%
Dés---idifier
65%
Aucun quiz correspondant
Distribution des résultats
% des personnes avec chaque résultat
Percentile par nombre de réponses
Votre historique - résultats
Vous n’avez pas pris ce quiz